<?xml version="1.0" encoding="UTF-8"?><?xml-stylesheet type="text/xsl" href="static/style.xsl"?><OAI-PMH xmlns="http://www.openarchives.org/OAI/2.0/" xmlns:xsi="http://www.w3.org/2001/XMLSchema-instance" xsi:schemaLocation="http://www.openarchives.org/OAI/2.0/ http://www.openarchives.org/OAI/2.0/OAI-PMH.xsd"><responseDate>2026-04-14T03:50:29Z</responseDate><request verb="GetRecord" identifier="oai:www.recercat.cat:2117/446124" metadataPrefix="marc">https://recercat.cat/oai/request</request><GetRecord><record><header><identifier>oai:recercat.cat:2117/446124</identifier><datestamp>2026-02-07T07:26:24Z</datestamp><setSpec>com_2072_1033</setSpec><setSpec>col_2072_452950</setSpec></header><metadata><record xmlns="http://www.loc.gov/MARC21/slim" xmlns:dcterms="http://purl.org/dc/terms/" xmlns:xsi="http://www.w3.org/2001/XMLSchema-instance" xmlns:doc="http://www.lyncode.com/xoai" xsi:schemaLocation="http://www.loc.gov/MARC21/slim http://www.loc.gov/standards/marcxml/schema/MARC21slim.xsd">
   <leader>00925njm 22002777a 4500</leader>
   <datafield ind2=" " ind1=" " tag="042">
      <subfield code="a">dc</subfield>
   </datafield>
   <datafield ind2=" " ind1=" " tag="720">
      <subfield code="a">Colaninno, Nicola</subfield>
      <subfield code="e">author</subfield>
   </datafield>
   <datafield ind2=" " ind1=" " tag="720">
      <subfield code="a">Salvati, Agnese</subfield>
      <subfield code="e">author</subfield>
   </datafield>
   <datafield ind2=" " ind1=" " tag="720">
      <subfield code="a">López Besora, Judit</subfield>
      <subfield code="e">author</subfield>
   </datafield>
   <datafield ind2=" " ind1=" " tag="720">
      <subfield code="a">Morganti, Michele</subfield>
      <subfield code="e">author</subfield>
   </datafield>
   <datafield ind2=" " ind1=" " tag="260">
      <subfield code="c">2025-07</subfield>
   </datafield>
   <datafield ind2=" " ind1=" " tag="520">
      <subfield code="a">Urban heat stress is a pressing issue, intensified by climate change and urban heat islands. This study introduces a methodology for creating very-high-resolution districtscale cumulative heat stress maps to support climate- responsive urban planning. Using the SOLWEIG model, we simulated mean radiant temperature (Tmrt) across Barcelona’s Gr`acia district, achieving high accuracy by employing an anisotropic sky model and a 10 % tree canopy transmissivity coefficient. Simulations for the hottest day of 2022 revealed significant variations in outdoor heat stress due to urban morphology and vegetation. Analysis of three plazas and four urban canyons with differing designs and vegetation levels demonstrated that tree cover can reduce peak Tmrt by over 20 ¿ C in exposed areas. Hourly Tmrt maps enabled the creation of a novel district-scale cumulative heat stress map, highlighting daily hours of extreme heat stress and revealing hotspots and cooler zones shaped by urban geometry and tree cover. These findings underscore the critical role of vegetation and urban design in mitigating heat stress and enhancing thermal comfort. The study provides actionable insights for city planners, practitioners, and policymakers to reduce health risks from extreme heat, fostering urban resilience and sustainability amidst global warming.</subfield>
   </datafield>
   <datafield ind2=" " ind1=" " tag="520">
      <subfield code="a">Peer Reviewed</subfield>
   </datafield>
   <datafield ind2=" " ind1=" " tag="520">
      <subfield code="a">Postprint (published version)</subfield>
   </datafield>
   <datafield tag="653" ind2=" " ind1=" ">
      <subfield code="a">Àrees temàtiques de la UPC::Edificació::Instal·lacions i acondicionament d'edificis::Aïllament acústic i tèrmic</subfield>
   </datafield>
   <datafield tag="653" ind2=" " ind1=" ">
      <subfield code="a">Heat stress</subfield>
   </datafield>
   <datafield tag="653" ind2=" " ind1=" ">
      <subfield code="a">Urban climate</subfield>
   </datafield>
   <datafield tag="653" ind2=" " ind1=" ">
      <subfield code="a">Urban morphology</subfield>
   </datafield>
   <datafield tag="653" ind2=" " ind1=" ">
      <subfield code="a">Tree canopy</subfield>
   </datafield>
   <datafield tag="653" ind2=" " ind1=" ">
      <subfield code="a">Microclimate simulation</subfield>
   </datafield>
   <datafield tag="653" ind2=" " ind1=" ">
      <subfield code="a">SOLWEIG</subfield>
   </datafield>
   <datafield ind2="0" ind1="0" tag="245">
      <subfield code="a">District-scale cumulative heat stress mapping using very-high-resolution spatiotemporal simulation</subfield>
   </datafield>
</record></metadata></record></GetRecord></OAI-PMH>